Clinical nursing skills: basic to advanced skills (Record no. 4383)

MARC details
000 -LEADER
fixed length control field 00789nam a22002417a 4500
003 - CONTROL NUMBER IDENTIFIER
control field OSt
005 - DATE AND TIME OF LATEST TRANSACTION
control field 20250830013525.0
008 - FIXED-LENGTH DATA ELEMENTS--GENERAL INFORMATION
fixed length control field 250830b |||||||| |||| 00| 0 eng d
020 ## - INTERNATIONAL STANDARD BOOK NUMBER
International Standard Book Number 13: 978-0-13-242497-4.
040 ## - CATALOGING SOURCE
Original cataloging agency DWCL-Admin lib
Transcribing agency OC
082 ## - DEWEY DECIMAL CLASSIFICATION NUMBER
Edition number 7th ed.
Classification number Circ. 610.73 S659c 2008
100 ## - MAIN ENTRY--PERSONAL NAME
Personal name Smith, Sandra F.
245 ## - TITLE STATEMENT
Title Clinical nursing skills: basic to advanced skills
Statement of responsibility, etc. Sandra F. Smith
260 ## - PUBLICATION, DISTRIBUTION, ETC.
Place of publication, distribution, etc. N. J. :
Name of publisher, distributor, etc. Pearson Education Inc.,
Date of publication, distribution, etc. c2008.
300 ## - PHYSICAL DESCRIPTION
Extent lvi, 1457 p. :
Other physical details col. ill. ; 28 cm.
Dimensions + 1 CD-ROM.
504 ## - BIBLIOGRAPHY, ETC. NOTE
Bibliography, etc. note Includes bibliographical references and index.
650 ## - SUBJECT ADDED ENTRY--TOPICAL TERM
Topical term or geographic name entry element 1. Nursing care.
650 ## - SUBJECT ADDED ENTRY--TOPICAL TERM
Topical term or geographic name entry element 2. Nursing process.
650 ## - SUBJECT ADDED ENTRY--TOPICAL TERM
Topical term or geographic name entry element 3. Nursing.
700 ## - ADDED ENTRY--PERSONAL NAME
Personal name Duell, Donna J.
700 ## - ADDED ENTRY--PERSONAL NAME
Personal name Barbara, Martin C.
942 ## - ADDED ENTRY ELEMENTS (KOHA)
Source of classification or shelving scheme Dewey Decimal Classification
Koha item type Book Circulation
Edition 7th ed.
Call number prefix Circ.
Suppress in OPAC No

No items available.